[Event "ECCC 2013"]
[Site "Rhodes"]
[Date "2013.10.24"]
[Round "5"]
[White "Jeitz, Christian"]
[Black "Van Kemenade, Rudy"]
[Result "1/2-1/2"]
[WhiteElo "2222"]
[BlackElo "2031"]
[PlyCount "122"]
[EventDate "2013.10.20"]
[EventType "team"]
[EventRounds "7"]
[EventCountry "GRE"]
[WhiteTeam "The Smashing Pawns Belvaux"]
[BlackTeam "Cardigan"]

1. d4 Nf6 2. c4 e5 3. dxe5 Ng4 4. Nf3 Bc5 5. e3 Nc6 6. Be2 O-O 7. O-O Re8 8.
Nc3 Ncxe5 9. Nxe5 Nxe5 10. b3 a5 11. Na4 Bf8 12. f4 Nc6 13. Bf3 d6 14. e4 Qf6
15. Be3 g6 16. Qd2 Bg7 17. Rad1 Be6 18. Qf2 Rad8 19. g3 Qe7 20. Bc1 Nb4 21. Bb2
b6 22. Rfe1 Qf8 23. Nc3 Bd7 24. a3 Na6 25. Nd5 f6 26. Bc3 Be6 27. Ne3 Nc5 28.
b4 axb4 29. axb4 Nd7 30. Ra1 Ra8 31. Qb2 Rxa1 32. Rxa1 Ra8 33. Rd1 Rd8 34. Kg2
Qf7 35. Qe2 Qe8 36. Ra1 Ra8 37. Qb2 Rxa1 38. Qxa1 Qb8 39. Qa6 Nf8 40. h4 Bc8
41. Qa1 Kf7 42. e5 fxe5 43. fxe5 Bxe5 44. Bxe5 dxe5 45. Qxe5 Be6 46. Bd5 Qd8
47. Kh2 Bxd5 48. Nxd5 Ne6 49. b5 h5 50. Kg2 Nf8 51. Qxc7+ Qxc7 52. Nxc7 Nd7 53.
Nd5 Ke6 54. g4 hxg4 55. Kg3 Kd6 56. Ne3 Kc5 57. Kxg4 Ne5+ 58. Kg5 Kd4 59. Nd5
Kxc4 60. Nxb6+ Kxb5 61. Nd7 Nf3+ 1/2-1/2

[Event "ECCC 2013"]
[Site "Rhodes"]
[Date "2013.10.24"]
[Round "5"]
[White "Van Kemenade, Julie"]
[Black "Steil-Antoni, Fiona"]
[Result "0-1"]
[WhiteElo "1743"]
[BlackElo "2185"]
[PlyCount "92"]
[EventDate "2013.10.20"]
[EventType "team"]
[EventRounds "7"]
[EventCountry "GRE"]
[WhiteTeam "Cardigan"]
[BlackTeam "The Smashing Pawns Belvaux"]

1. e4 e5 2. Nf3 Nc6 3. Bb5 a6 4. Ba4 Nf6 5. d3 b5 6. Bb3 Be7 7. O-O O-O 8. Re1
d6 9. c3 Na5 10. Bc2 c5 11. Nbd2 Qc7 12. Nf1 Ne8 13. Ng3 g6 14. h4 h5 15. Bh6
Ng7 16. Qc1 Bg4 17. Bg5 Bxf3 18. gxf3 Ne6 19. Kg2 Bxg5 20. hxg5 Nf4+ 21. Kg1
Qe7 22. Re3 h4 23. Kh1 Qxg5 24. Qg1 hxg3 25. Qxg3 Qxg3 26. fxg3 Ne6 27. Kg2 Kg7
28. Rf1 Rh8 29. f4 exf4 30. gxf4 Rh4 31. f5 Nf4+ 32. Kf2 g5 33. Rg1 Rh2+ 34.
Kf3 Rxc2 35. Rxg5+ Kf6 36. Kxf4 Rf2+ 37. Kg3 Rxb2 38. Rh5 Rg8+ 39. Kh3 Nc6 40.
Rh6+ Ke5 41. Rg3 Rxg3+ 42. Kxg3 Rd2 43. Rh7 Rxd3+ 44. Kg4 Kf6 45. Kf4 Ne5 46.
Rh6+ Ke7 0-1

[Event "ECCC 2013"]
[Site "Rhodes"]
[Date "2013.10.24"]
[Round "5"]
[White "Thee, Bernd"]
[Black "Paakkonen, Timo"]
[Result "1/2-1/2"]
[WhiteElo "2098"]
[BlackElo "2290"]
[PlyCount "114"]
[EventDate "2013.10.20"]
[EventType "team"]
[EventRounds "7"]
[EventCountry "GRE"]
[WhiteTeam "Adare"]
[BlackTeam "Chess Club Velhot"]

1. e4 c5 2. Nf3 Nc6 3. Bb5 Na5 4. c3 a6 5. Ba4 b5 6. Bc2 Bb7 7. d4 cxd4 8. cxd4
Nf6 9. e5 Nd5 10. O-O Nb4 11. Nbd2 Nxc2 12. Qxc2 e6 13. Ne4 Rc8 14. Qd3 h6 15.
b3 Be7 16. Bf4 O-O 17. Rac1 Nc6 18. Qe3 Nb4 19. Rxc8 Qxc8 20. Rc1 Qd8 21. Nc3
f5 22. exf6 Rxf6 23. a3 Nd5 24. Nxd5 Bxd5 25. Be5 Rf5 26. Bc7 Qf8 27. Rc3 Bxf3
28. gxf3 Bxa3 29. Be5 Kh7 30. Kg2 Rg5+ 31. Kf1 Qf5 32. Qe4 d6 33. Bg3 e5 34.
dxe5 dxe5 35. Rc6 Qxe4 36. fxe4 Rg6 37. Rxg6 Kxg6 38. Bxe5 a5 39. Ke2 Kf7 40.
f4 a4 41. bxa4 bxa4 42. Kd3 g6 43. Kc2 Bf8 44. f5 g5 45. Bd4 g4 46. e5 h5 47.
Kd3 Ba3 48. Kc2 Bb4 49. Kd1 Ba3 50. Kc2 Bb4 51. Kd1 Ba5 52. Bb2 Bb6 53. e6+ Ke7
54. Ba3+ Kf6 55. Bb2+ Ke7 56. Ba3+ Kf6 57. Bb2+ Ke7 1/2-1/2

[Event "ECCC 2013"]
[Site "Rhodes"]
[Date "2013.10.24"]
[Round "5"]
[White "Kosmo, Santul"]
[Black "O`donoghue, Denis J"]
[Result "1-0"]
[WhiteElo "2237"]
[BlackElo "1981"]
[PlyCount "50"]
[EventDate "2013.10.20"]
[EventType "team"]
[EventRounds "7"]
[EventCountry "GRE"]
[WhiteTeam "Chess Club Velhot"]
[BlackTeam "Adare"]

1. e4 c5 2. Nf3 Nc6 3. Bb5 e6 4. O-O Nge7 5. Nc3 a6 6. Bxc6 bxc6 7. e5 Ng6 8.
Ne4 Qc7 9. d4 cxd4 10. Qxd4 c5 11. Qc3 Bb7 12. Re1 d5 13. exd6 Bxd6 14. Qxg7
Bf8 15. Qc3 O-O-O 16. Bg5 Rd5 17. Bh4 Rh5 18. Rad1 f5 19. Ng3 Bg7 20. Bf6 Bxf3
21. Qxf3 Bxf6 22. Qa8+ Qb8 23. Qc6+ Qc7 24. Qxe6+ Kb8 25. Rd7 Qc8 1-0

[Event "ECCC 2013"]
[Site "Rhodes"]
[Date "2013.10.24"]
[Round "5"]
[White "Murchadha, Oissine"]
[Black "Nyback, Jukka"]
[Result "1-0"]
[WhiteElo "1861"]
[BlackElo "2150"]
[PlyCount "85"]
[EventDate "2013.10.20"]
[EventType "team"]
[EventRounds "7"]
[EventCountry "GRE"]
[WhiteTeam "Adare"]
[BlackTeam "Chess Club Velhot"]

1. e4 c5 2. Nf3 Nc6 3. d4 cxd4 4. Nxd4 d6 5. c4 g6 6. Nc3 Bg7 7. Be3 Nf6 8. Be2
O-O 9. O-O Bd7 10. Qd2 Ne8 11. Nd5 Nc7 12. Nb5 Ne8 13. Rfd1 b6 14. Rac1 f5 15.
exf5 Bxf5 16. Bf3 Rc8 17. Nxb6 Ne5 18. Bd5+ e6 19. Nxc8 Qxc8 20. Nxa7 Qd7 21.
Bf3 Nxf3+ 22. gxf3 Qb7 23. Kf1 Qxf3 24. Ke1 Bg4 25. Qd3 Bxb2 26. Nb5 Qh1+ 27.
Kd2 Qxh2 28. Rf1 Bf5 29. Qe2 Qe5 30. Rc2 Nf6 31. f4 Ne4+ 32. Ke1 Qf6 33. Rxb2
Qh4+ 34. Rf2 Bg4 35. Qd3 Nxf2 36. Rxf2 Rd8 37. Kd2 d5 38. c5 Ra8 39. a3 Ra4 40.
c6 Qd8 41. c7 Qd7 42. Rf1 Bf5 43. Rc1 1-0

[Event "ECCC 2013"]
[Site "Rhodes"]
[Date "2013.10.24"]
[Round "5"]
[White "Papula, Niko"]
[Black "Mirza, Gabriel"]
[Result "1/2-1/2"]
[WhiteElo "1980"]
[BlackElo "1735"]
[PlyCount "76"]
[EventDate "2013.10.20"]
[EventType "team"]
[EventRounds "7"]
[EventCountry "GRE"]
[WhiteTeam "Chess Club Velhot"]
[BlackTeam "Adare"]

1. c4 c5 2. Nc3 Nc6 3. g3 g6 4. Bg2 Bg7 5. e3 e5 6. Nge2 Nge7 7. d3 d6 8. Nd5
Nxd5 9. Bxd5 Bh3 10. Bd2 a5 11. a3 O-O 12. Nc3 h6 13. Rg1 Be6 14. h4 h5 15. Qe2
a4 16. O-O-O Na5 17. g4 Nb3+ 18. Kc2 Bxg4 19. f3 Bf5 20. e4 Nd4+ 21. Kc1 Nxe2+
22. Nxe2 Bd7 23. Rxg6 Kh7 24. Rg5 f6 25. Rg3 Qe8 26. Rdg1 Bh8 27. Nc3 f5 28.
exf5 Bxf5 29. Ne4 Rd8 30. Ng5+ Kg6 31. Ne6+ Kh7 32. Ng5+ Kg6 33. Nf7+ Kh7 34.
Ng5+ Kg6 35. Ne6+ Kh7 36. Ng5+ Kg6 37. Ne6+ Kh7 38. Ng5+ Kg6 1/2-1/2

[Event "ECCC 2013"]
[Site "Rhodes"]
[Date "2013.10.24"]
[Round "5"]
[White "Rasmussen, Allan Stig"]
[Black "Andersen, Mads"]
[Result "0-1"]
[WhiteElo "2499"]
[BlackElo "2476"]
[PlyCount "58"]
[EventDate "2013.10.20"]
[EventType "team"]
[EventRounds "7"]
[EventCountry "GRE"]
[WhiteTeam "Jetsmark"]
[BlackTeam "Nordea Skanderborg"]

1. e4 e6 2. d4 d5 3. Nc3 Nf6 4. e5 Nfd7 5. f4 c5 6. Nf3 Be7 7. Be3 O-O 8. Qd2
b6 9. Be2 Ba6 10. O-O Bxe2 11. Nxe2 Nc6 12. c3 Rc8 13. g4 cxd4 14. Nexd4 Nc5
15. f5 Ne4 16. Qg2 Qd7 17. Rae1 Nxd4 18. Nxd4 b5 19. Re2 a5 20. Qh3 b4 21. cxb4
axb4 22. Qh5 Rc4 23. Rf3 exf5 24. gxf5 Bc5 25. Rh3 h6 26. Qxh6 gxh6 27. Rg2+
Ng5 28. Rxh6 f6 29. exf6 Bxd4 0-1

[Event "ECCC 2013"]
[Site "Rhodes"]
[Date "2013.10.24"]
[Round "5"]
[White "Pedersen, Nicolai Vesterbaek"]
[Black "Pedersen, Christian Kyndel"]
[Result "1-0"]
[WhiteElo "2397"]
[BlackElo "2427"]
[PlyCount "81"]
[EventDate "2013.10.20"]
[EventType "team"]
[EventRounds "7"]
[EventCountry "GRE"]
[WhiteTeam "Nordea Skanderborg"]
[BlackTeam "Jetsmark"]

1. Nf3 Nf6 2. c4 b6 3. g3 c5 4. Bg2 Bb7 5. Nc3 e6 6. d4 cxd4 7. Qxd4 Be7 8. Bg5
O-O 9. O-O d6 10. Bxf6 Bxf6 11. Qf4 a6 12. Rfd1 Be7 13. Ne4 Bxe4 14. Qxe4 Ra7
15. Nd4 Rc7 16. b3 Rc5 17. Rd3 Nd7 18. Rad1 Qc7 19. Nc6 Nf6 20. Nxe7+ Qxe7 21.
Qb7 Qxb7 22. Bxb7 d5 23. cxd5 exd5 24. Bxd5 Nxd5 25. Rxd5 Rxd5 26. Rxd5 Rc8 27.
Rd6 Rb8 28. Rd7 Kf8 29. Ra7 a5 30. a4 Re8 31. Rb7 Re6 32. h4 h5 33. e3 g6 34.
Kf1 Kg7 35. Ke2 Rd6 36. e4 Kf6 37. f4 Ke6 38. e5 Rc6 39. Kd3 f6 40. Rg7 Kf5 41.
Rf7 1-0

[Event "ECCC 2013"]
[Site "Rhodes"]
[Date "2013.10.24"]
[Round "5"]
[White "Jensen, Bjarke"]
[Black "Pedersen, Jan Rode"]
[Result "1-0"]
[WhiteElo "2321"]
[BlackElo "2219"]
[PlyCount "111"]
[EventDate "2013.10.20"]
[EventType "team"]
[EventRounds "7"]
[EventCountry "GRE"]
[WhiteTeam "Jetsmark"]
[BlackTeam "Nordea Skanderborg"]

1. e4 e5 2. Nf3 Nc6 3. Bb5 a6 4. Ba4 Nf6 5. O-O Be7 6. Re1 b5 7. Bb3 O-O 8. a4
b4 9. d3 Rb8 10. Nbd2 d6 11. c3 Bd7 12. h3 Na5 13. Bc2 c5 14. d4 Qc7 15. cxb4
Rxb4 16. dxe5 dxe5 17. b3 Be6 18. Bb2 Nc6 19. Bc3 Rbb8 20. Bd3 Rfd8 21. Bxa6
Bxb3 22. Qc1 Be6 23. Ng5 Bc8 24. Bc4 Rf8 25. Qa3 h6 26. Ngf3 Nd4 27. Rac1 Qd6
28. Qa2 Nh5 29. Kh2 Nf4 30. Bf1 Qf6 31. Re3 Ra8 32. a5 Ba6 33. Nc4 Qe6 34. g3
Nde2 35. gxf4 Bxc4 36. Qxc4 Qxc4 37. Bxe2 Qa4 38. Nxe5 Bf6 39. Ra1 Qc2 40. Kg2
Rfb8 41. Bd1 Qb1 42. Rxb1 Rxb1 43. Be2 g5 44. Ng4 Bxc3 45. Rxc3 Rxa5 46. Nxh6+
Kg7 47. fxg5 Rb4 48. Bc4 f6 49. h4 Raa4 50. Bd5 c4 51. Nf5+ Kg6 52. Bc6 Ra2 53.
Be8+ Kh7 54. g6+ Kg8 55. Bf7+ Kf8 56. Bxc4 1-0

[Event "ECCC 2013"]
[Site "Rhodes"]
[Date "2013.10.24"]
[Round "5"]
[White "Bjerre, Tavs"]
[Black "Christensen, Stefan"]
[Result "0-1"]
[WhiteElo "2019"]
[BlackElo "2278"]
[PlyCount "66"]
[EventDate "2013.10.20"]
[EventType "team"]
[EventRounds "7"]
[EventCountry "GRE"]
[WhiteTeam "Nordea Skanderborg"]
[BlackTeam "Jetsmark"]

1. d4 d5 2. c4 c6 3. Nf3 Nf6 4. e3 Bg4 5. h3 Bxf3 6. Qxf3 e6 7. Nc3 Nbd7 8. Bd2
Bd6 9. cxd5 exd5 10. g4 Nf8 11. O-O-O Ne6 12. h4 Qe7 13. Kb1 O-O-O 14. Bc1 Kb8
15. Bg2 h6 16. e4 dxe4 17. Nxe4 Nd5 18. Nxd6 Rxd6 19. Qg3 Ka8 20. Rhe1 Rd7 21.
f4 Qd6 22. Bxd5 Qxd5 23. Qc3 Nxd4 24. Be3 c5 25. b4 b6 26. bxc5 bxc5 27. Rc1
Rc8 28. Red1 Qe4+ 29. Ka1 Nc2+ 30. Qxc2 Qxc2 31. Rxc2 Rxd1+ 32. Kb2 c4 33. Bd2
Rxd2 0-1

[Event "ECCC 2013"]
[Site "Rhodes"]
[Date "2013.10.24"]
[Round "5"]
[White "Rathlev, Jakob"]
[Black "Watson, Colin"]
[Result "1-0"]
[WhiteElo "2250"]
[BlackElo "1926"]
[PlyCount "43"]
[EventDate "2013.10.20"]
[EventType "team"]
[EventRounds "7"]
[EventCountry "GRE"]
[WhiteTeam "Jetsmark"]
[BlackTeam "Nordea Skanderborg"]

1. c4 c5 2. g3 g6 3. Bg2 Bg7 4. Nc3 Nc6 5. a3 a6 6. Nf3 d6 7. O-O Bf5 8. d3 Rb8
9. Qa4 Bd7 10. Qc2 Nf6 11. Rb1 O-O 12. b4 cxb4 13. axb4 b5 14. cxb5 axb5 15.
Rd1 Qc8 16. d4 d5 17. Qb3 Bf5 18. Ra1 Rd8 19. Bf4 Rb7 20. Rac1 Qd7 21. Ne5 Nxe5
22. dxe5 1-0

[Event "ECCC 2013"]
[Site "Rhodes"]
[Date "2013.10.24"]
[Round "5"]
[White "Bjerre, Jonas"]
[Black "Hoffmann, Tobias"]
[Result "0-1"]
[WhiteElo "1792"]
[BlackElo "2090"]
[PlyCount "106"]
[EventDate "2013.10.20"]
[EventType "team"]
[EventRounds "7"]
[EventCountry "GRE"]
[WhiteTeam "Nordea Skanderborg"]
[BlackTeam "Jetsmark"]

1. e4 e5 2. Bc4 Nf6 3. d3 c6 4. Nf3 d6 5. c3 Be7 6. Bb3 Nbd7 7. Nbd2 O-O 8. Nf1
Nc5 9. Bc2 Qc7 10. Ng3 Re8 11. O-O Bf8 12. Bg5 Be7 13. Re1 Ne6 14. Bd2 g6 15.
d4 Bf8 16. b4 Bg7 17. Bb3 Bd7 18. Qc1 a6 19. d5 cxd5 20. exd5 Nd8 21. Qc2 Rc8
22. Rac1 b6 23. c4 Nb7 24. h3 h6 25. Be3 Nh7 26. Qd2 g5 27. Bc2 Qd8 28. Bf5 Nf8
29. Bxd7 Nxd7 30. Nf5 Qf6 31. Nxg7 Qxg7 32. h4 f5 33. Qb2 f4 34. Bd2 Qf6 35.
hxg5 hxg5 36. Nh2 Re7 37. Ng4 Qg7 38. Qb3 Nf6 39. Qh3 Nxg4 40. Qxg4 Rec7 41.
Qe6+ Kh7 42. Rc3 Qg6 43. Qxg6+ Kxg6 44. Ra3 Ra8 45. Rc1 g4 46. g3 Kf5 47. f3
gxf3 48. Rxf3 Rg8 49. Kf2 Rxg3 50. Rxg3 fxg3+ 51. Kxg3 Ke4 52. Kf2 Kd3 53. Be3
Rf7+ 0-1

[Event "ECCC 2013"]
[Site "Rhodes"]
[Date "2013.10.24"]
[Round "5"]
[White "Wenner, Tobias"]
[Black "Thorfinnsson, Bjorn"]
[Result "0-1"]
[WhiteElo "2147"]
[BlackElo "2385"]
[PlyCount "106"]
[EventDate "2013.10.20"]
[EventType "team"]
[EventRounds "7"]
[EventCountry "GRE"]
[WhiteTeam "Chess Club Eppingen"]
[BlackTeam "Viking Chess Club"]

1. Nf3 Nf6 2. c4 c6 3. g3 d5 4. Bg2 Bf5 5. cxd5 cxd5 6. Qb3 Nc6 7. Qxb7 Bd7 8.
Qb3 e5 9. d3 Rb8 10. Qd1 Bb4+ 11. Nfd2 h5 12. a3 Bc5 13. e3 h4 14. Nc3 hxg3 15.
hxg3 Rxh1+ 16. Bxh1 d4 17. Na4 dxe3 18. Nxc5 exd2+ 19. Qxd2 Nd4 20. b4 Bg4 21.
Bb2 Bf3 22. Bxd4 Qxd4 23. Nb3 Qd5 24. Bxf3 Qxf3 25. Qe2 Qd5 26. Nc5 a5 27. Rc1
axb4 28. Na6 Qh1+ 29. Kd2 Qh6+ 30. Kd1 Rd8 31. Qxe5+ Kf8 32. Nxb4 Qh1+ 33. Qe1
Qa8 34. Qc3 Qf3+ 35. Kc2 Qxf2+ 36. Kb3 Qxg3 37. a4 Qb8 38. Ka3 Kg8 39. Qc7 Qxc7
40. Rxc7 g5 41. Rc5 g4 42. a5 Kh7 43. a6 Kh6 44. a7 g3 45. d4 Ra8 46. Nc6 Ne4
47. Rc1 f5 48. Kb4 f4 49. Kc4 f3 50. Ne5 f2 51. Ng4+ Kg5 52. Nxf2 gxf2 53. Kd3
Ng3 0-1

[Event "ECCC 2013"]
[Site "Rhodes"]
[Date "2013.10.24"]
[Round "5"]
[White "Kjartansson, David"]
[Black "Dekan, Hans"]
[Result "1-0"]
[WhiteElo "2348"]
[BlackElo "2172"]
[PlyCount "63"]
[EventDate "2013.10.20"]
[EventType "team"]
[EventRounds "7"]
[EventCountry "GRE"]
[WhiteTeam "Viking Chess Club"]
[BlackTeam "Chess Club Eppingen"]

1. e4 c5 2. Nf3 Nc6 3. d4 cxd4 4. Nxd4 Nf6 5. Nc3 e5 6. Ndb5 d6 7. Bg5 a6 8.
Na3 Be7 9. Bxf6 gxf6 10. Nd5 Be6 11. c3 f5 12. exf5 Bxf5 13. Nc4 Be6 14. Qf3 h5
15. h3 f5 16. Rd1 e4 17. Qf4 Bf8 18. Be2 b5 19. Nce3 Bh6 20. Qg3 Ne5 21. Bxh5+
Kd7 22. Be2 Rg8 23. Qh2 Kc6 24. Rd4 Kb7 25. a4 Nc6 26. Rd1 bxa4 27. Nc4 Ne5 28.
Nxe5 dxe5 29. Qxe5 Bd7 30. Nf6 Rg7 31. Qd5+ Kc7 32. Qd6+ 1-0

[Event "ECCC 2013"]
[Site "Rhodes"]
[Date "2013.10.24"]
[Round "5"]
[White "Staub, Gerhard"]
[Black "Sigurjonsson, Stefan Th"]
[Result "0-1"]
[WhiteElo "2062"]
[BlackElo "2104"]
[PlyCount "34"]
[EventDate "2013.10.20"]
[EventType "team"]
[EventRounds "7"]
[EventCountry "GRE"]
[WhiteTeam "Chess Club Eppingen"]
[BlackTeam "Viking Chess Club"]

1. e4 e6 2. Qe2 d5 3. exd5 Qxd5 4. Nf3 Nc6 5. d4 Nxd4 6. Nxd4 Qxd4 7. Nc3 Bb4
8. Bd2 Nf6 9. O-O-O Bd7 10. Be3 Qe5 11. Qc4 Bxc3 12. bxc3 Qa5 13. Bd4 O-O-O 14.
Bxf6 gxf6 15. Qb3 Bc6 16. Rxd8+ Rxd8 17. Bd3 Qg5+ 0-1

[Event "ECCC 2013"]
[Site "Rhodes"]
[Date "2013.10.24"]
[Round "5"]
[White "Runarsson, Gunnar"]
[Black "Reimold, Jonas"]
[Result "0-1"]
[WhiteElo "2074"]
[BlackElo "2037"]
[PlyCount "68"]
[EventDate "2013.10.20"]
[EventType "team"]
[EventRounds "7"]
[EventCountry "GRE"]
[WhiteTeam "Viking Chess Club"]
[BlackTeam "Chess Club Eppingen"]

1. c4 f5 2. d4 Nf6 3. Nf3 g6 4. Nc3 Bg7 5. g3 O-O 6. Bg2 d6 7. Qb3 c6 8. O-O
Qe8 9. c5+ d5 10. Bf4 Kh8 11. Qa3 Nfd7 12. Bc7 Na6 13. Be5 Nxe5 14. Nxe5 f4 15.
b4 Nb8 16. gxf4 Rxf4 17. e3 Rf8 18. f4 Nd7 19. b5 Nxe5 20. fxe5 Bh6 21. Rxf8+
Qxf8 22. Ne2 Qf5 23. e4 dxe4 24. Rf1 Qg5 25. bxc6 bxc6 26. Nf4 Qg4 27. Qe3 Ba6
28. Rf2 Rf8 29. h3 Bxf4 30. Qxe4 Qg3 31. Rf3 Qh2+ 32. Kf2 Bg3+ 33. Ke3 Qg1+ 34.
Kd2 Qxg2+ 0-1

[Event "ECCC 2013"]
[Site "Rhodes"]
[Date "2013.10.24"]
[Round "5"]
[White "Gass, Ulrich"]
[Black "Ingason, Sigurdur"]
[Result "1/2-1/2"]
[WhiteElo "2116"]
[BlackElo "1866"]
[PlyCount "57"]
[EventDate "2013.10.20"]
[EventType "team"]
[EventRounds "7"]
[EventCountry "GRE"]
[WhiteTeam "Chess Club Eppingen"]
[BlackTeam "Viking Chess Club"]

1. e4 e5 2. Nf3 Nf6 3. Nxe5 d6 4. Nf3 Nxe4 5. Nc3 Nxc3 6. dxc3 Be7 7. Bf4 Nd7
8. Qd2 Nc5 9. O-O-O c6 10. Qe3 O-O 11. h3 Bf5 12. Nd4 Bd7 13. g4 d5 14. Kb1 Re8
15. Qf3 Ne4 16. Bd3 Qb6 17. Bxe4 dxe4 18. Qg3 c5 19. Bc7 Qa6 20. Nf5 Bxf5 21.
gxf5 Qc6 22. Rhg1 Bf6 23. Bf4 Rad8 24. Rxd8 Rxd8 25. Bh6 Qd6 26. Qg4 Qe5 27.
Bf4 Qe7 28. Bh6 Qe5 29. Bf4 1/2-1/2

[Event "ECCC 2013"]
[Site "Rhodes"]
[Date "2013.10.24"]
[Round "5"]
[White "Michalczak, Thomas"]
[Black "Neave, George"]
[Result "1-0"]
[WhiteElo "2305"]
[BlackElo "2151"]
[PlyCount "47"]
[EventDate "2013.10.20"]
[EventType "team"]
[EventRounds "7"]
[EventCountry "GRE"]
[WhiteTeam "Schachgesellschaft Solingen"]
[BlackTeam "Edinburgh West Chess Club"]

1. e4 e5 2. Nf3 Nc6 3. Bb5 Nf6 4. d3 Bc5 5. Bxc6 dxc6 6. b3 Bg4 7. Bb2 Nd7 8.
h3 Bxf3 9. Qxf3 Qe7 10. Nd2 f6 11. a4 O-O 12. O-O Rfe8 13. Nc4 a5 14. Ne3 g6
15. Ng4 h5 16. Ne3 Nf8 17. Qg3 Kh7 18. f4 exf4 19. Qxf4 Ne6 20. Qg3 Nd4 21. Kh1
f5 22. exf5 Qxe3 23. Qxg6+ Kh8 24. f6 1-0

[Event "ECCC 2013"]
[Site "Rhodes"]
[Date "2013.10.24"]
[Round "5"]
[White "Buchanan, Walter F"]
[Black "Kniest, Oliver"]
[Result "0-1"]
[WhiteElo "2122"]
[BlackElo "2305"]
[PlyCount "63"]
[EventDate "2013.10.20"]
[EventType "team"]
[EventRounds "7"]
[EventCountry "GRE"]
[WhiteTeam "Edinburgh West Chess Club"]
[BlackTeam "Schachgesellschaft Solingen"]

1. d4 Nf6 2. Nf3 g6 3. e3 Bg7 4. Be2 c5 5. b3 b6 6. Bb2 Bb7 7. O-O O-O 8. c4
cxd4 9. exd4 d5 10. Nc3 Nc6 11. Qd3 Rc8 12. c5 bxc5 13. dxc5 Ne4 14. Na4 Bxb2
15. Nxb2 Nb4 16. Qd1 Nc3 17. Qd2 Nxe2+ 18. Kh1 d4 19. Qxe2 Rxc5 20. Qd2 Bxf3
21. gxf3 Qd5 22. Qf4 Rc3 23. Kg2 f5 24. Nc4 Nd3 25. Qd2 e5 26. Ne3 Nf4+ 27. Kg3
Qd8 28. h4 dxe3 29. Qxd8 Rxd8 30. fxe3 Rxe3 31. Rf2 Rdd3 32. Rc1 0-1

[Event "ECCC 2013"]
[Site "Rhodes"]
[Date "2013.10.24"]
[Round "5"]
[White "Campbell, Alistair"]
[Black "Peschel, Andreas"]
[Result "0-1"]
[WhiteElo "2007"]
[BlackElo "2106"]
[PlyCount "58"]
[EventDate "2013.10.20"]
[EventType "team"]
[EventRounds "7"]
[EventCountry "GRE"]
[WhiteTeam "Edinburgh West Chess Club"]
[BlackTeam "Schachgesellschaft Solingen"]

1. d4 g6 2. c4 Bg7 3. Nf3 c5 4. d5 d6 5. Nc3 Bxc3+ 6. bxc3 f5 7. e3 Qa5 8. Qc2
Nd7 9. Bd3 Ngf6 10. O-O Nb6 11. Bd2 Bd7 12. h3 Ba4 13. Qb2 O-O-O 14. Rab1 Qa6
15. Rfe1 Nfxd5 16. Bxf5+ gxf5 17. cxd5 Qc4 18. e4 fxe4 19. Ng5 Qxd5 20. Nxe4
Nc4 21. Qc1 Rhg8 22. Kh2 Bc6 23. f3 Rg6 24. Rg1 Qd3 25. Qf1 Bxe4 26. fxe4 Qxf1
27. Rbxf1 Nxd2 28. Rf7 Kd7 29. Rxh7 Rdg8 0-1

[Event "ECCC 2013"]
[Site "Rhodes"]
[Date "2013.10.24"]
[Round "5"]
[White "Driessens, Patrick"]
[Black "Ermeni, Avni"]
[Result "0-1"]
[WhiteElo "2311"]
[BlackElo "2274"]
[PlyCount "68"]
[EventDate "2013.10.20"]
[EventType "team"]
[EventRounds "7"]
[EventCountry "GRE"]
[WhiteTeam "SV Voerendaal / KNSB"]
[BlackTeam "Expik Kosova"]

1. d4 Nf6 2. c4 c5 3. d5 b5 4. Nf3 g6 5. Qc2 d6 6. e4 b4 7. g3 Bg7 8. Bg2 O-O
9. O-O a5 10. Nbd2 Ra7 11. a3 bxa3 12. Rxa3 Na6 13. Re1 Nb4 14. Qd1 e6 15. dxe6
Bxe6 16. Ng5 Bc8 17. Nf1 Re8 18. f3 Ba6 19. b3 Rae7 20. Be3 Qb6 21. Qd2 Bb7 22.
Nh3 Nd7 23. Rd1 Bd4 24. Nf2 f5 25. Ra4 Nc6 26. Bxd4 Nxd4 27. Qxa5 Qxb3 28. Rd3
Qb6 29. exf5 Qc6 30. Ra2 Ne5 31. f6 Nexf3+ 32. Kh1 Re1 33. Rxd4 Rxf1+ 34. Bxf1
Nxd4+ 0-1

[Event "ECCC 2013"]
[Site "Rhodes"]
[Date "2013.10.24"]
[Round "5"]
[White "Makolli, Perparim"]
[Black "Ciornei, Dragos"]
[Result "1-0"]
[WhiteElo "2251"]
[BlackElo "2167"]
[PlyCount "99"]
[EventDate "2013.10.20"]
[EventType "team"]
[EventRounds "7"]
[EventCountry "GRE"]
[WhiteTeam "Expik Kosova"]
[BlackTeam "SV Voerendaal / KNSB"]

1. e4 e5 2. Nf3 Nc6 3. Bb5 a6 4. Ba4 Nf6 5. O-O b5 6. Bb3 Bc5 7. c3 d6 8. d4
Bb6 9. h3 Bb7 10. Re1 Ne7 11. Nbd2 Ng6 12. Bc2 O-O 13. Nf1 Re8 14. d5 c6 15.
dxc6 Bxc6 16. Ng3 h6 17. Nh2 Qd7 18. Nh5 Qe7 19. Nxf6+ Qxf6 20. Ng4 Qh4 21.
Qxd6 Re6 22. Qd3 h5 23. Ne3 Nf4 24. Qf1 Rg6 25. g3 Qxh3 26. Qxh3 Nxh3+ 27. Kg2
Nf4+ 28. Kf3 Ne6 29. Nf5 Re8 30. Be3 Ng5+ 31. Ke2 Bxe4 32. Bxe4 Nxe4 33. Rh1
Bxe3 34. Kxe3 Nf6 35. a4 Rg5 36. Nd6 Rd8 37. Rhd1 Ng4+ 38. Ke2 Rg6 39. axb5
Rgxd6 40. Rxd6 Rxd6 41. bxa6 Rd8 42. b4 Nf6 43. c4 Ne4 44. a7 Ra8 45. b5 Kf8
46. b6 Nc5 47. Ra5 Nb7 48. Rxe5 f6 49. Re6 Nd8 50. Rd6 1-0

[Event "ECCC 2013"]
[Site "Rhodes"]
[Date "2013.10.24"]
[Round "5"]
[White "Merx, Bob"]
[Black "Budima, Armend"]
[Result "1-0"]
[WhiteElo "2129"]
[BlackElo "2226"]
[PlyCount "103"]
[EventDate "2013.10.20"]
[EventType "team"]
[EventRounds "7"]
[EventCountry "GRE"]
[WhiteTeam "SV Voerendaal / KNSB"]
[BlackTeam "Expik Kosova"]

1. e4 c5 2. Nc3 Nc6 3. g3 g6 4. Bg2 Bg7 5. d3 d6 6. Be3 Nf6 7. h3 e5 8. Nge2
Be6 9. O-O Qd7 10. Kh2 h5 11. Nd5 h4 12. Nxf6+ Bxf6 13. g4 b6 14. Nc3 Bg7 15.
Nd5 Bxd5 16. exd5 Ne7 17. c3 f5 18. Bf3 O-O-O 19. Rb1 Rdf8 20. b4 e4 21. dxe4
Bxc3 22. bxc5 dxc5 23. exf5 gxf5 24. d6 Be5+ 25. Kh1 Bxd6 26. Qd3 Kb8 27. Bf4
Rd8 28. Rfd1 fxg4 29. hxg4 Bxf4 30. Qxd7 Rxd7 31. Rxd7 Re8 32. Rb7+ Kc8 33.
Rxa7 Bb8 34. Rb7 Bc7 35. Re1 Kd8 36. Bc6 Rf8 37. Bb5 Nc8 38. Rd1+ Nd6 39. Rxd6+
Bxd6 40. Rd7+ Kc8 41. Rxd6 Rxf2 42. a4 Kc7 43. Rd7+ Kc8 44. g5 Rf3 45. Rg7 Rf4
46. g6 Rf6 47. Kh2 Kb8 48. Kh3 Rd6 49. Kxh4 c4 50. Bxc4 Rd4+ 51. Kg5 Rxc4 52.
Rf7 1-0